| 000 | 00560nam a2200157 a 4500 | ||
|---|---|---|---|
| 008 | 120416s1985 ||||||||||||||||| || u | ||
| 020 | _a0946679126 | ||
| 050 | _aHA 29 Sey | ||
| 100 | _aSeymour-Smith, Leonard | ||
| 245 | 1 | 0 | _aUnderstanding and marketing effective use of statistics |
| 246 | _achecklist & guide | ||
| 260 |
_aLondon _bManagement Update _c1985 |
||
| 300 | _a132p. : ill | ||
| 350 | _a0.00 | ||
| 995 |
_D0.00 _FCBU-MAIN LIBRARY (Kitwe) _H1 _I9.95 _UAVAILABLE _ZMain Library Open Access Collection |
||
| 999 |
_c60659 _d60659 |
||